000 01413nam a2200313 i 4500
001 190805
003 ES-MaACL
005 20240507111653.0
008 220715s2007 sp 001 0 spa
020 _a978-84-338-4585-6
020 _a978-84-8371-683-0
080 _a821.111 Shakespeare, William 1.07
245 0 0 _aShakespeare en España :
_btextos 1746-1916 /
_cÁngel-Luis Pujante y Laura Campillo (eds.) ; introducción y notas de Ángel-Luis Pujante.
250 _a1ª ed.
260 _a[Granada] :
_bUniversidad de Granada ;
_a[Murcia] :
_bUniversidad de Murcia,
_c2007.
300 _aXLVI, 519 p. ;
_c23 cm.
500 _aÍndice.
504 _aBibliografía: p. [493]-506.
505 8 _aCon párrafos de: Actas del Ateneo de Madrid, 16 enero 1837, p.103-104 . Actas del Ateneo de Madrid: extractos de cuatro sesiones, febrero-marzo 1839, p.120-122 . Discurso pronunciado en el Ateneo de Madrid, 31 de enero de 1884 / Antonio Cánovas del Castillo, p. 325
546 _aTextos en español e inglés.
600 1 4 _aShakespeare, William,
_d1564-1616-
_xCrítica e interpretación
_9105993
700 1 _aPujante, Ángel-Luis.
_994327
700 1 _aCampillo, Laura.
_9174858
710 2 _aUniversidad de Granada.
_97176
710 2 _aUniversidad de Murcia.
_97228
852 4 _aES-MaACL
_jA-12946
_9197988
_bR.153010
_cDEPO1
_dOlim: N-8028
942 _2udc
_cMONOGRAFIA
999 _c190805
_d190805